NFL Players on the 2006 best recruits list - Statistics

General Stats
  • This quiz has been taken 6 times
  • The average score is 4 of 11
Answer Stats
Hint Answer % Correct
Lions QB Matthew Stafford
100%
Bucs DT Gerald McCoy
83%
Eagles RB LeSean McCoy
83%
Vikings WR Percy Harvin
50%
Cowboys RB DeMarco Murray
33%
Cardinals RB Beanie Wells
17%
Bills RB CJ Spiller
17%
Broncos QB Tim Tebow
17%
Seahawks DT Al Woods
0%
Texans RB Ben Tate
0%
Eagles DE Brandon Graham
0%
No matching quizzes found
Score Distribution
Percent of People with Each Score
Percentile by Number Answered
Your Score History
You have not taken this quiz